000 01695nam a2200337 a 4500
001 000020261
003 DO-SdBPM
005 20241118102459.0
008 100802s1995 XX r 000 0 spa d
020 _a9789945082685
040 _aDO-SdBPM
_bspa
_cBPMSU
082 4 _a306.6
_b S471r 1995
_2 22
111 2 _aSeminar Religion Culture and Society with special emphasis on the case of Cuba
_d( 2003 jul 21-22 : )
245 1 4 _aReligion culture and society :
_bthe case of cuba /
_ceditor Margaret E. Crahan
260 _a Washington :
_bWoodrow Wilson Center Reports on the Americas,
_c2003
300 _a147 p. ;
_bIus. ;
_c23 cm.
490 0 _a Woodrow Wilson center reports on the americas,
_v9
500 _aIncluye índice
500 _aIncluye datos biográficos del autor en la solapa de la cubierta
504 _aBibliografía : p. 421-441
505 0 _aPresentación /
_rBolívar Troncoso Morales --
_tIntroducción
_tLa esclavitud --
_tVida de los esclavos --
_tEl cimarronaje --
_tLa abolición de la esclavitud --
_tEl proceso de formación de las sociedades caribeñas actuales --
_tLos estudios afroamericanos --
_tReligión y magia --
_tMúsica y danza --
_tEconomía, cocina y familia --
_tLenguaje y lteratura oral --
_tBibliografía--
_tíndice de personajes --
_tíndice de lugares
590 _aInventariado, 2024/VM
650 4 _aCultura
_zAmérica Latina
650 4 _aIdentidad cultural
_xCongresos conferencias, etc
_z
650 4 _a Cultura política
_zCongresos conferencias
_x
650 4 _a Cultura política
_zCongresos conferencias
651 4 _a
_x
700 1 _aCrahan, Margaret E.
_eeditor
910 _aVMateo V. Control de calidad. BPMSU
942 _2ddc
_cBK
999 _c14865
_d14865